Aster die oranje feetjie / (Record no. 795677)
[ view plain ]
| 000 -LEADER | |
|---|---|
| fixed length control field | 00960nam a22002777b 4500 |
| 003 - CONTROL NUMBER IDENTIFIER | |
| control field | 3228 |
| 005 - DATE AND TIME OF LATEST TRANSACTION | |
| control field | 20260401121838.0 |
| 008 - FIXED-LENGTH DATA ELEMENTS--GENERAL INFORMATION | |
| fixed length control field | 260401b sa a|||j |||| 00| 1 AFR d |
| 020 ## - INTERNATIONAL STANDARD BOOK NUMBER | |
| International Standard Book Number | 9780799336498 (paperback) |
| 040 ## - CATALOGING SOURCE | |
| Original cataloging agency | MPL |
| Language of cataloging | eng |
| Transcribing agency | 3228 |
| Description conventions | Resource Description and Access |
| 041 ## - LANGUAGE CODE | |
| Language code of text/sound track or separate title | Afrikaans |
| 082 #0 - DEWEY DECIMAL CLASSIFICATION NUMBER | |
| Classification number | ATF MEAD |
| 100 ## - MAIN ENTRY--PERSONAL NAME | |
| 9 (RLIN) | 199008 |
| Personal name | Meadows, Daisy |
| Relator term | author |
| 245 ## - TITLE STATEMENT | |
| Title | Aster die oranje feetjie / |
| Statement of responsibility, etc. | Daisy Meadows ; illustrasies deur Georgie Ripper ; Afrikaans deur Lydia du Plessis |
| 250 ## - EDITION STATEMENT | |
| Edition statement | Eerste Afrikaanse uitgawe |
| 260 ## - PUBLICATION, DISTRIBUTION, ETC. | |
| Place of publication, distribution, etc. | [place of publication not identidied] : |
| Name of publisher, distributor, etc. | LAPA Uitgewers , |
| Date of publication, distribution, etc. | ©2003, |
| -- | 2007. |
| 300 ## - PHYSICAL DESCRIPTION | |
| Extent | 69 pages : |
| Other physical details | illustrations ; |
| Dimensions | 20 cm |
| 490 ## - SERIES STATEMENT | |
| Series statement | Reënboogdrome |
| Volume/sequential designation | 2 |
| 655 #0 - INDEX TERM--GENRE/FORM | |
| 9 (RLIN) | 188476 |
| Genre/form data or focus term | Youth Fiction |
| 655 #0 - INDEX TERM--GENRE/FORM | |
| 9 (RLIN) | 188500 |
| Genre/form data or focus term | Girls Stories |
| 655 #0 - INDEX TERM--GENRE/FORM | |
| 9 (RLIN) | 198991 |
| Genre/form data or focus term | Fairy Tales |
| 655 #0 - INDEX TERM--GENRE/FORM | |
| 9 (RLIN) | 186859 |
| Genre/form data or focus term | Fantasy fiction |
| 700 ## - ADDED ENTRY--PERSONAL NAME | |
| 9 (RLIN) | 199009 |
| Personal name | Ripper, Georgie |
| Relator term | illustrator |
| 700 ## - ADDED ENTRY--PERSONAL NAME | |
| 9 (RLIN) | 195832 |
| Personal name | Du Plessis, Lydia |
| Relator term | translator |
| 942 ## - ADDED ENTRY ELEMENTS | |
| Source of classification or shelving scheme | Dewey Decimal Classification |
| item type | Books |
| -- | 296 |
| -- | Phillipina Naude |
| -- | 296 |
| -- | Phillipina Naude |
| Withdrawn status | Lost status | Source of classification or shelving scheme | Damaged status | Not for loan | Collection code | Home library | Current library | Shelving location | Date acquired | Total Checkouts | Full call number | Barcode | Date last seen | Price effective from | item type | Public note |
|---|---|---|---|---|---|---|---|---|---|---|---|---|---|---|---|---|
| Dewey Decimal Classification | Fiction | Klipfontein PL (MMID-PLEM-KLIP) | Klipfontein PL (MMID-PLEM-KLIP) | Children's Area | 01.04.2026 | ATF MEAD | 33228013481203 | 01.04.2026 | 01.04.2026 | Books | 0940087888/A |